000 00509nam a22001697a 4500
003 OSt
005 20151013140251.0
008 130306t xxu||||| |||| 00| 0 eng d
020 _a151113600
050 _aB 29
_b.F57 2002
082 _aIB 100
_bF51 2002
245 _aFirst philosophy:
_bfundamental problems and readings in philophy /
_ced. by Andrew Bailey.
260 _aPeterborough, Ont. ; | Orchard Park, NY
_bBroadview Press,
_c2002.
300 _a966 p. :
_c24 cm.
942 _2lcc
_cBK
999 _c1969
_d1969